000
00286nam a2200109Ia 4500
008
220204s9999 xx 000 0 und d
082
_a
301.185
_b
MOR
100
_a
Morgan, D M J
245
0
_a
Social theory and the family
260
_a
London
_b
Routledge and Kegan paul
_c
1975
942
_c
BK
999
_c
29204
_d
29204